1772 1280 1037 1412 1208 1476 1586 1106 1530 1623 1889 1220 1728 1758 1627 1316 1475 1260 1478 1407 1412 1983 1643 1322 1948 1854 1850 1912 1866 1055 1107 1892 1968 1094 1824 1131 1384 1234 1202 1200 1502 1986 1128 1929 1566 1487 1355 1255 1530 1769 1851 1590 1014 1262 1381 1367 1516 1234 1250 1639 1146 1490 1504 1825 1094 1387 1494 1180 1801 1725 1905 1064 1444 1065 1461 1511 1830 1109 1746 1367 1529 1786 1732 1531 1408 1714 1348 1734 1076 1487 1504 1144 1999 1667 1188 1585 1789 1740 1336 BCNSPRNW ULIB Ver.6.0+V

เปลี่ยนเป็นภาษาไทย

Change to English
 แสดงรายละเอียดบรรณานุกรม
  กลับหน้าหลัก

Brief Record : Get Marc (ISO 2709) : E-mail record : QR code < ปิดหน้าต่าง
LEADER : 00000nam 2200000uu 4500
001    13399127191
003     ULIB
008    191021s2562||||th 000 0 tha d
020    ^a9786160037117
050  0 ^aนว.^bค472ฉ
100 0  ^aคีตฌาณ์
245 10 ^aเฉือนคมรัก/^cคีตฌาณ์
250    ^aพิมพ์ครั้งที่ 1
260    ^aกรุงเทพฯ :^bSugar Beat,^c2562.
300    ^a728 หน้า ;^c21 ซม.
650  4 ^aนวนิยายไทย
945    ^p490^l0^i27883
999    ^aกัณชพร จุลอักษร
รายการนี้ยังไม่มีแท็ก
คุณยังไม่ได้ล็อกอิน คุณสามารถมีกิจกรรมร่วมกับเว็บไซต์ได้ แต่ต้องล็อกอินก่อน ::
  ล็อกอิน

รายการสื่อสารสนเทศ

ลำดับที่ ประเภท เลขเรียก/บาร์โค้ด สถานที่ สถานะ
1. วิทยาศาสตร์การแพทย์ และสุขภาพ
วิทยาศาสตร์การแพทย์ และสุขภาพ
นว. ค472ฉ ฉ.1 
  Barcode: 27883
ห้องสมุดวิทยาเขตนครสวรรค์
►นวนิยาย:l:Fiction
บนชั้น

รายการใกล้เคียง
    ผู้แต่ง [คีตฌาณ์]

    หัวเรื่อง [นวนิยายไทย]

BibComment


ยังไม่เคยถูกคอมเมนท์

คอมเมนท์ทรัพยากรรายการนี้
  คอมเมนท์: เฉือนคมรัก คีตฌาณ์


 Copyright 2026. Bcnsprnw @Library